书目信息 |
| 题名: |
塑造世界
|
|
| 作者: | 米尔恩 著 ;魏玲金 译 | |
| 分册: | ||
| 出版信息: | 北京 新华出版社 2018 |
|
| 页数: | 13, 426页 | |
| 开本: | 24cm | |
| 丛书名: | 新华学术 | |
| 单 册: | ||
| 中图分类: | D871.20 | |
| 科图分类: | ||
| 主题词: | 美国对外政策--mei guo dui wai zheng ce--研究 | |
| 电子资源: | ||
| ISBN: | 978-7-5166-3452-3 | |
| 000 | 01338nam 2200337 450 | |
| 001 | 1964493025 | |
| 005 | 20190130190522.9 | |
| 010 | @a978-7-5166-3452-3@dCNY 78.00 | |
| 099 | @aCAL 012019010584 | |
| 100 | @a20181226d2018 em y0chiy50 ea | |
| 101 | 1 | @achi@ceng |
| 102 | @aCN@b110000 | |
| 105 | @ay a 000yy | |
| 200 | 1 | @a塑造世界@Asu zao shi jie@e美国外交的艺术与科学@f(美) 戴维·米尔恩著@g魏玲金译 |
| 210 | @a北京@c新华出版社@d2018 | |
| 215 | @a13, 426页@d24cm | |
| 225 | 2 | @a新华学术@Axin hua xue shu@i思享者 |
| 312 | @a英文题名取自版权页 | |
| 314 | @a戴维·米尔恩, 现在是东英吉利大学世界历史的高级讲师。 | |
| 320 | @a有书目 (第385-426页) | |
| 330 | @a本书是一部关于19世纪至今美国外交思想史的重要著作, 全面回顾了塑造美国外交的理论与实践的9位人物的生平与思想, 包括马汉、伍德罗·威尔逊、查尔斯·彼尔德、瓦尔特·李普曼、乔治·凯南、保罗·尼兹、亨利·基辛格等。 | |
| 410 | 0 | @12001 @a新华学术@i思享者 |
| 500 | 10 | @aWorld making : art and science of American diplomacy@mChinese |
| 517 | 1 | @a美国外交的艺术与科学@Amei guo wai jiao de yi shu yu ke xue |
| 606 | 0 | @a美国对外政策@Amei guo dui wai zheng ce@x研究 |
| 690 | @aD871.20@v5 | |
| 701 | 1 | @a米尔恩@Ami er en@g(Milne, David)@4著 |
| 702 | 0 | @a魏玲金@Awei ling jin@4译 |
| 801 | 0 | @aCN@b人天书店@c20181226 |
| 905 | @aBZT@dD871.20@e4 | |
| 998 | @aRTBOOK | |
| 塑造世界:美国外交的艺术与科学/(美) 戴维·米尔恩著/魏玲金译.-北京:新华出版社,2018 |
| 13, 426页;24cm.-(新华学术.思享者) |
| ISBN 978-7-5166-3452-3:CNY 78.00 |
| 本书是一部关于19世纪至今美国外交思想史的重要著作, 全面回顾了塑造美国外交的理论与实践的9位人物的生平与思想, 包括马汉、伍德罗·威尔逊、查尔斯·彼尔德、瓦尔特·李普曼、乔治·凯南、保罗·尼兹、亨利·基辛格等。 |
| ● |
| 相关链接 |
|
|
|
正题名:塑造世界
索取号:D871.20/4
 
预约/预借
| 序号 | 登录号 | 条形码 | 馆藏地/架位号 | 状态 | 备注 |
| 1 | 869701 | 2000869701 | 第二书库/ [索取号:D871.20/4] | 在馆 | |
| 2 | 869702 | 2000869702 | 第二书库/ [索取号:D871.20/4] | 在馆 | |
| 3 | 869703 | 2000869703 | 第二书库/ [索取号:D871.20/4] | 在馆 |